000 00679nam a22002057a 4500
999 _c478228
_d478228
003 NUST
005 20180424052316.0
008 180424b ||||| |||| 00| 0 eng d
040 _c0
082 _a628 SHI
100 _aShiza Aslam, Rimsha Zafar, Nauman Akbar
_910245
245 _aHand Driven Energy Efficient Reactor for Biogas Production from Organic Solid Waste
_cShiza Aslam, Rimsha Zafar, Nauman Akbar
260 _aIslamabad
_bIESE (SCEE) NUST
_c2017
300 _a46p.
440 _aUG Environmental Engineering
_91834
500 _aThesis UG EE
650 _aEnvironmental Engineering
_91550
700 _4Dr. Zeshan Sheikh (Supervisor)
942 _2ddc
_cTHE
_kIESE